Muslim self-statement in India and Pakistan 1857-1968 / (Record no. 22037)
[ view plain ]
| 000 -LEADER | |
|---|---|
| fixed length control field | 00979cam a2200289 4500 |
| 001 - CONTROL NUMBER | |
| control field | 4116961 |
| 003 - CONTROL NUMBER IDENTIFIER | |
| control field | BDDh-ASL |
| 005 - DATE AND TIME OF LATEST TRANSACTION | |
| control field | 20231015030058.0 |
| 008 - FIXED-LENGTH DATA ELEMENTS--GENERAL INFORMATION | |
| fixed length control field | 701102s1970 gw b 001 0 eng |
| 010 ## - LIBRARY OF CONGRESS CONTROL NUMBER | |
| LC control number | 75515463 |
| 015 ## - NATIONAL BIBLIOGRAPHY NUMBER | |
| National bibliography number | GDB*** |
| 040 ## - CATALOGING SOURCE | |
| Original cataloging agency | DLC |
| Transcribing agency | DLC |
| Modifying agency | DLC |
| -- | WaU |
| -- | DLC |
| -- | BDDh-ASL |
| 043 ## - GEOGRAPHIC AREA CODE | |
| Geographic area code | a-pk--- |
| -- | a-ii--- |
| 050 00 - LIBRARY OF CONGRESS CALL NUMBER | |
| Classification number | BP63.I4 |
| Item number | A96 |
| 082 00 - DEWEY DECIMAL CLASSIFICATION NUMBER | |
| Classification number | 954.297 |
| Item number | AZM |
| 100 0# - MAIN ENTRY--PERSONAL NAME | |
| Personal name | ʻAzīz Aḥmad, |
| Dates associated with a name | 1913-1978, |
| Relator term | comp. |
| 245 10 - TITLE STATEMENT | |
| Title | Muslim self-statement in India and Pakistan 1857-1968 / |
| Statement of responsibility, etc. | edited by Aziz Ahmad and G. E. von Grunebaum. |
| 260 ## - PUBLICATION, DISTRIBUTION, ETC. | |
| Place of publication, distribution, etc. | Wiesbaden : |
| Name of publisher, distributor, etc. | O. Harrassowitz, |
| Date of publication, distribution, etc. | 1970. |
| 300 ## - PHYSICAL DESCRIPTION | |
| Extent | x, 240 p. : |
| Dimensions | 24 cm. |
| 504 ## - BIBLIOGRAPHY, ETC. NOTE | |
| Bibliography, etc. note | Includes bibliographical references. |
| 650 #0 - SUBJECT ADDED ENTRY--TOPICAL TERM | |
| Topical term or geographic name entry element | Islam |
| Geographic subdivision | India. |
| 650 #0 - SUBJECT ADDED ENTRY--TOPICAL TERM | |
| Topical term or geographic name entry element | Muslims |
| Geographic subdivision | India |
| General subdivision | History |
| Form subdivision | Sources. |
| 651 #0 - SUBJECT ADDED ENTRY--GEOGRAPHIC NAME | |
| Geographic name | Pakistan |
| General subdivision | History |
| Form subdivision | Sources. |
| 700 1# - ADDED ENTRY--PERSONAL NAME | |
| Personal name | Grunebaum, Gustave E. von |
| Fuller form of name | (Gustave Edmund), |
| Dates associated with a name | 1909-1972, |
| Relator term | joint comp. |
| 906 ## - LOCAL DATA ELEMENT F, LDF (RLIN) | |
| a | 7 |
| b | cbc |
| c | orignew |
| d | 3 |
| e | ncip |
| f | 19 |
| g | y-gencatlg |
| 942 ## - ADDED ENTRY ELEMENTS (KOHA) | |
| Source of classification or shelving scheme | Dewey Decimal Classification |
| Koha item type | Books |
| Withdrawn status | Lost status | Source of classification or shelving scheme | Damaged status | Not for loan | Collection code | Home library | Current library | Shelving location | Date acquired | Source of acquisition | Total Checkouts | Full call number | Barcode | Date last seen | Copy number | Price effective from | Koha item type | Public note |
|---|---|---|---|---|---|---|---|---|---|---|---|---|---|---|---|---|---|---|
| Dewey Decimal Classification | Non-fiction | Asiatic Society Library | Asiatic Society Library | General Stacks | 02/20/2021 | ASB Library Collections | 954.297 AZM | 106145 | 02/20/2021 | C-1 | 02/20/2021 | Books | RARE |